[Event "Voronezh op-B 23rd"]
[Site "Voronezh"]
[Date "2019.06.20"]
[Round "9"]
[White "Nikonov, Lev"]
[Black "Medvedev, Matvey"]
[Result "1-0"]
[WhiteElo "1525"]
[BlackElo "1929"]
[PlyCount "75"]
[EventDate "2019.06.12"]
[EventType "swiss"]
[EventRounds "9"]
[EventCountry "RUS"]
[SourceTitle "EXT 2020"]
[Source "ChessBase"]
[SourceDate "2019.10.17"]
[SourceVersion "1"]
[SourceVersionDate "2019.10.17"]
[SourceQuality "1"]

1. c4 e5 2. Nc3 Nf6 3. g3 d5 4. cxd5 Nxd5 5. Bg2 Nb6 6. d3 Be7 7. Nf3 Nc6 8. 0-0 0-0 9. a3 Be6 10. b4 a5 11. b5 Nd4 12. Nxd4 exd4 13. Ne4 a4 14. Bb2 Ra5 15. e3 dxe3 16. fxe3 Rxb5 17. Bd4 Rb3 18. Qe2 Re8 19. Rfd1 Rxa3 20. Rxa3 Bxa3 21. Ra1 Bf8 22. Bxb6 cxb6 23. Rxa4 b5 24. Ra1 b4 25. Rb1 Qc7 26. Qh5 Qc2 27. Rf1 Qxd3 28. Ng5 h6 29. Nxe6 Qxe3+ 30. Kh1 Qxe6 31. Bd5 Qa6 32. Qxf7+ Kh7 33. Qg8+ Kg6 34. Qf7+ Kh7 35. Qg8+ Kg6 36. Rxf8 b3 37. Qf7+ Kh7 38. Rxe8 1-0

[Event "Voronezh op-B 23rd"]
[Site "Voronezh"]
[Date "2019.06.18"]
[Round "7"]
[White "Nikonov, Lev"]
[Black "Al Azmi, Khalaf"]
[Result "1-0"]
[WhiteElo "1525"]
[BlackElo "1738"]
[PlyCount "157"]
[EventDate "2019.06.12"]
[EventType "swiss"]
[EventRounds "9"]
[EventCountry "RUS"]
[SourceTitle "EXT 2020"]
[Source "ChessBase"]
[SourceDate "2019.10.17"]
[SourceVersion "1"]
[SourceVersionDate "2019.10.17"]
[SourceQuality "1"]

1. d4 Nf6 2. c4 e5 3. d5 Bc5 4. g3 d6 5. Bg2 0-0 6. Nc3 a6 7. e3 Bf5 8. Nge2 Qd7 9. Qa4 Qc8 10. b4 Ba7 11. Ba3 Nbd7 12. 0-0 Nb6 13. Qb3 Bh3 14. c5 Bxg2 15. Kxg2 Nbd7 16. cxd6 cxd6 17. Rac1 Qb8 18. Rc2 b5 19. Rfc1 Nb6 20. Ng1 Nc4 21. Nf3 Qb7 22. e4 Qb6 23. h3 Nh5 24. Bb2 f5 25. a4 Rf7 26. Ng5 Rf6 27. Ne6 f4 28. g4 f3+ 29. Kh2 Nf4 30. Nxf4 Rxf4 31. Ba1 Raf8 32. Rf1 R8f6 33. axb5 axb5 34. Bb2 Qd8 35. Rg1 Nxb2 36. Qxb2 Rh6 37. Nxb5 Bb8 38. Qc3 Qh4 39. Rg3 Rhf6 40. Qc8+ Rf8 41. Qe6+ Kh8 42. Rc8 Qf6 43. Qxf6 R4xf6 44. Rxf8+ Rxf8 45. Kg1 Rf4 46. Kf1 Kg8 47. Nc3 Ba7 48. Nb5 Bb8 49. Nc3 Kf8 50. b5 Ke7 51. b6 Kd7 52. Ke1 Kc8 53. Kd2 Kb7 54. Ke3 Kxb6 55. Rxf3 Rxf3+ 56. Kxf3 Ka5 57. Ne2 Bc7 58. Ng3 Bd8 59. Ke3 Bg5+ 60. Kd3 g6 61. Ne2 Kb5 62. Nc3+ Kb4 63. Nd1 Kc5 64. Ne3 Bh4 65. f3 Bg5 66. Ng2 Bc1 67. h4 h5 68. gxh5 gxh5 69. Ne3 Bb2 70. Nf5 Ba1 71. Ng7 Bd4 72. Ke2 Kc4 73. Nxh5 Bb6 74. Ng7 Bd8 75. Nf5 Kc5 76. h5 Bg5 77. h6 Bf6 78. h7 Bh8 79. Ne7 1-0